000 00679nam a22002057a 4500
003 SISC
005 20170519094120.0
008 170519b xxu||||| |||| 00| 0 eng d
020 _a9781506318264
050 _aLC 4024
_b.K89 2016
100 _aKrakower, Billy.
245 _aUsing technology to engage students with learning disabilities /
_cBilly Krakower, Sharon LePage Plante.
260 _aCalifornia :
_bSAGE,
_c2016.
300 _axiv, 47 pages ;
_c20 cm.
500 _aIncludes appendix.
650 _aSpecial education -- Technological innovations.
650 _aChildren with disabilities -- Education.
650 _aEducational technology.
942 _2lcc
_cBK
999 _c335164
_d335164